[Event "North American-ch U20"]
[Site "Kitchener CAN"]
[Date "2014.08.02"]
[Round "6.2"]
[White "Wang, Richard"]
[Black "Tang, Andrew"]
[Result "0-1"]
[WhiteElo "2365"]
[BlackElo "2258"]
[PlyCount "114"]
[GameId "2160767909061142"]
[EventDate "2014.07.31"]
[EventType "swiss"]
[EventRounds "9"]
[EventCountry "CAN"]
[SourceTitle "EXT 2022"]
[Source "ChessBase"]
[SourceDate "2021.10.06"]
[SourceVersion "1"]
[SourceVersionDate "2021.10.06"]
[SourceQuality "1"]

1. d4 d5 2. Nf3 Nf6 3. e3 e6 4. Bd3 c5 5. b3 Nc6 6. O-O Bd6 7. Bb2 O-O 8. a3 b6 9. Ne5 Bb7 10. Nd2 Qc7 11. f4 Ne7 12. dxc5 Bxc5 13. Qf3 Nf5 14. Rfe1 Be7 15. Qh3 Ne4 16. Nef3 Rfd8 17. Rac1 Bc5 18. Nf1 Rac8 19. b4 Be7 20. N1d2 Qd7 21. Qg4 Bf6 22. Bxf6 Nxf6 23. Qh3 Ne4 24. b5 Qe7 25. Nb3 h6 26. g4 Nfd6 27. Nbd4 Nc4 28. a4 Qf6 29. Re2 Nc3 30. Ree1 Ne4 31. Qh5 Re8 32. Re2 e5 33. fxe5 Nxe5 34. Rf1 Nxd3 35. cxd3 Nc3 36. Ree1 Rc7 37. Nh4 Qg5 38. Nhf5 Qxh5 39. gxh5 Bc8 40. Nc6 Bxf5 41. Rxf5 Nxa4 42. Nd4 Nc5 43. Rxd5 Nxd3 44. Re2 Rc5 45. Rd7 Rxh5 46. Rxa7 Rd5 47. Kf1 Nc5 48. Rc7 Ne6 49. Rc6 Nxd4 50. exd4 Rxe2 51. Kxe2 Rxb5 52. Rc8+ Kh7 53. Kd3 Kg6 54. Re8 Rb1 55. d5 Kf5 56. Kc4 Rc1+ 57. Kb4 Rc5 0-1

[Event "North American-ch U20"]
[Site "Kitchener CAN"]
[Date "2014.08.03"]
[Round "7.4"]
[White "Wang, Richard"]
[Black "Kats, Alena"]
[Result "1-0"]
[WhiteElo "2365"]
[BlackElo "2126"]
[PlyCount "45"]
[GameId "2160767909061168"]
[EventDate "2014.07.31"]
[EventType "swiss"]
[EventRounds "9"]
[EventCountry "CAN"]
[SourceTitle "EXT 2022"]
[Source "ChessBase"]
[SourceDate "2021.10.06"]
[SourceVersion "1"]
[SourceVersionDate "2021.10.06"]
[SourceQuality "1"]

1. d4 d5 2. c4 c6 3. Nf3 Nf6 4. e3 e6 5. b3 Nbd7 6. Bb2 b6 7. Bd3 Bb7 8. O-O c5 9. cxd5 Bxd5 10. Nc3 Bb7 11. Ne5 cxd4 12. exd4 Be7 13. Bb5 Rc8 14. d5 O-O 15. Nxd7 Nxd7 16. dxe6 Ne5 17. Qe2 Bd6 18. Ne4 Bb8 19. f4 Ng6 20. Rad1 Qh4 21. g3 Qh3 22. Bd7 Kh8 23. e7 1-0

[Event "North American-ch U20"]
[Site "Kitchener CAN"]
[Date "2014.08.03"]
[Round "8.2"]
[White "Chandra, Akshat"]
[Black "Wang, Richard"]
[Result "1/2-1/2"]
[WhiteElo "2442"]
[BlackElo "2365"]
[PlyCount "160"]
[GameId "2160767909061190"]
[EventDate "2014.07.31"]
[EventType "swiss"]
[EventRounds "9"]
[EventCountry "CAN"]
[SourceTitle "EXT 2022"]
[Source "ChessBase"]
[SourceDate "2021.10.06"]
[SourceVersion "1"]
[SourceVersionDate "2021.10.06"]
[SourceQuality "1"]

1. e4 c5 2. Nf3 d6 3. d4 cxd4 4. Nxd4 Nf6 5. Nc3 g6 6. Be3 Bg7 7. f3 Nc6 8. Qd2 O-O 9. O-O-O d5 10. exd5 Nxd5 11. Nxc6 bxc6 12. Bd4 Nxc3 13. Qxc3 Bh6+ 14. Be3 Bxe3+ 15. Qxe3 Qb6 16. Qxe7 Be6 17. Qa3 Rad8 18. Bd3 Rd5 19. b3 Rfd8 20. Rde1 Rd4 21. Re5 R8d5 22. Rhe1 Rxe5 23. Rxe5 Rd5 24. Re2 Qg1+ 25. Kb2 Qd4+ 26. Kb1 Qg1+ 27. Qc1 Qxh2 28. Qe3 a5 29. f4 Qh4 30. Re1 Qd8 31. Qf3 Qd7 32. Be4 Rd6 33. Qc3 a4 34. Qc5 axb3 35. axb3 Bd5 36. Rd1 Qe6 37. Bxd5 cxd5 38. Kb2 h5 39. g3 Rd8 40. Qd4 Qg4 41. Rd3 Qe2 42. Qc5 Qe1 43. Qc3 Qg1 44. Qd4 Qg2 45. Qe3 Qf1 46. Qc1 Qf2 47. Qd2 Qg1 48. Qa5 Rc8 49. Qxd5 Qf2 50. Rd2 Qxg3 51. f5 Qc3+ 52. Kb1 Re8 53. fxg6 Re1+ 54. Rd1 Rxd1+ 55. Qxd1 fxg6 56. Qd8+ Kf7 57. Qd7+ Kf6 58. Qe8 Kf5 59. Qf7+ Qf6 60. Qd5+ Qe5 61. Qf3+ Kg5 62. Qg2+ Kh6 63. Qf2 g5 64. Qf8+ Kg6 65. b4 h4 66. Qf1 Qf4 67. Qa6+ Kh5 68. Qe2+ g4 69. Qe8+ Kg5 70. Qg8+ Kf5 71. Qh7+ Ke5 72. Qxh4 Qxb4+ 73. Kc1 Qa3+ 74. Kd2 Kf4 75. Qf6+ Kg3 76. Ke2 Qc5 77. Kf1 Qxc2 78. Qe5+ Kh4 79. Qh8+ Kg5 80. Qe5+ Qf5+ 1/2-1/2

[Event "North American-ch U20"]
[Site "Kitchener CAN"]
[Date "2014.08.04"]
[Round "9.3"]
[White "Bora, Safal"]
[Black "Wang, Richard"]
[Result "1-0"]
[WhiteElo "2244"]
[BlackElo "2365"]
[PlyCount "105"]
[GameId "2160767909061215"]
[EventDate "2014.07.31"]
[EventType "swiss"]
[EventRounds "9"]
[EventCountry "CAN"]
[SourceTitle "EXT 2022"]
[Source "ChessBase"]
[SourceDate "2021.10.06"]
[SourceVersion "1"]
[SourceVersionDate "2021.10.06"]
[SourceQuality "1"]

1. Nf3 d5 2. g3 Nf6 3. Bg2 Bf5 4. O-O e6 5. c4 c6 6. d3 Bc5 7. Nc3 O-O 8. Qb3 Bb6 9. Na4 Nbd7 10. Nxb6 axb6 11. h3 dxc4 12. Qxc4 Bg6 13. Bf4 b5 14. Qc2 Qe7 15. Ne5 Nxe5 16. Bxe5 Nd7 17. Bc3 e5 18. a4 bxa4 19. Rxa4 Rxa4 20. Qxa4 Re8 21. Ra1 Nf6 22. Qb3 Nd5 23. Ra7 Rb8 24. Bxd5 cxd5 25. Qxd5 e4 26. dxe4 Bxe4 27. Qe5 Qxe5 28. Bxe5 Rd8 29. f3 Bc6 30. Kf2 f6 31. Bc3 Kf7 32. Ra1 Ke6 33. g4 h5 34. gxh5 Rd5 35. Rg1 Kf7 36. h6 gxh6 37. Rg4 Rh5 38. Rf4 Rxh3 39. Rxf6+ Ke7 40. Kg2 Rh5 41. e4 Rg5+ 42. Kf2 Rh5 43. Rg6 Rh2+ 44. Kg3 Rh1 45. Kg2 Rh5 46. Bd2 Kf7 47. Rxh6 Rxh6 48. Bxh6 Ke6 49. Kf2 Ba4 50. Ke3 Bd1 51. f4 Bg4 52. f5+ Ke5 53. Bg7+ 1-0

[Event "CAN-op"]
[Site "Montreal CAN"]
[Date "2014.07.19"]
[Round "1"]
[White "Wang, Richard"]
[Black "Rey, Fabrice"]
[Result "1-0"]
[WhiteElo "2365"]
[BlackElo "2152"]
[PlyCount "49"]
[GameId "2160767909061254"]
[EventDate "2014.07.19"]
[EventType "swiss"]
[EventRounds "9"]
[EventCountry "CAN"]
[SourceTitle "CBM 161 Extra"]
[Source "ChessBase"]
[SourceDate "2014.08.29"]
[SourceVersion "1"]
[SourceVersionDate "2014.08.29"]
[SourceQuality "1"]

1. d4 d5 2. Nf3 Nf6 3. e3 e6 4. Bd3 c5 5. b3 cxd4 6. exd4 b6 7. O-O Be7 8. Qe2 O-O 9. Bb2 Nc6 10. a3 Bb7 11. Ne5 Nd7 12. f4 Qc7 13. Nd2 Rae8 14. Rf3 Ncxe5 15. fxe5 f5 16. exf6 Bxf6 17. Rh3 h6 18. Bg6 Re7 19. a4 Rc8 20. Nf3 Nf8 21. Bd3 Rce8 22. Ne5 Bc6 23. Qg4 Bg5 24. Rf1 Nd7 25. Qxg5 1-0

[Event "CAN-op"]
[Site "Montreal CAN"]
[Date "2014.07.20"]
[Round "2"]
[White "Gerzhoy, Leonid"]
[Black "Wang, Richard"]
[Result "1/2-1/2"]
[WhiteElo "2481"]
[BlackElo "2365"]
[PlyCount "106"]
[GameId "2160767909061261"]
[EventDate "2014.07.19"]
[EventType "swiss"]
[EventRounds "9"]
[EventCountry "CAN"]
[SourceTitle "hb 2014"]

1. d4 d5 2. c4 c6 3. Nc3 Nf6 4. e3 Bf5 5. cxd5 cxd5 6. Qb3 Nc6 7. Qxb7 Bd7 8. Qb3 Rb8 9. Qd1 e5 10. Nf3 Bd6 11. dxe5 Nxe5 12. Be2 O-O 13. O-O Qe7 14. Nxe5 Bxe5 15. Bf3 Rfd8 16. Ne2 Rb6 17. Nd4 h5 18. g3 h4 19. Bd2 hxg3 20. hxg3 Ne4 21. Ba5 Nxg3 22. fxg3 Qg5 23. Bxb6 Qxg3+ 24. Bg2 Qh2+ 25. Kf2 Qg3+ 26. Kg1 Qh2+ 27. Kf2 Bg3+ 28. Kf3 g5 29. Rh1 g4+ 30. Ke2 Qxg2+ 31. Kd3 axb6 32. Qe2 Qe4+ 33. Kd2 Re8 34. Rhg1 Bh4 35. Qd3 Bf2 36. Qxe4 Rxe4 37. Rge1 Bxe1+ 38. Rxe1 Kf8 39. Ne2 Ke7 40. Ng3 Ra4 41. a3 f5 42. Rh1 f4 43. Rh7+ Kd6 44. Rh6+ Kc7 45. exf4 Rxf4 46. Ne2 Rf3 47. Nc3 Bc6 48. Rh7+ Kd6 49. Rh6+ Kd7 50. Ne2 Rf2 51. Ke3 Rf3+ 52. Kd2 Rf2 53. Ke3 Rf3+ 1/2-1/2

[Event "CAN-op"]
[Site "Montreal CAN"]
[Date "2014.07.20"]
[Round "3"]
[White "Wang, Richard"]
[Black "Sambuev, Bator"]
[Result "1/2-1/2"]
[WhiteElo "2365"]
[BlackElo "2526"]
[PlyCount "72"]
[GameId "2160767909061296"]
[EventDate "2014.07.19"]
[EventType "swiss"]
[EventRounds "9"]
[EventCountry "CAN"]
[SourceTitle "hb 2014"]

1. d4 Nf6 2. Nf3 g6 3. c4 Bg7 4. Nc3 O-O 5. e4 d6 6. h3 Na6 7. Bg5 c5 8. d5 e6 9. Bd3 exd5 10. cxd5 h6 11. Bf4 Nc7 12. a4 Nh5 13. Bh2 f5 14. exf5 Bxf5 15. O-O Bxd3 16. Qxd3 g5 17. Rae1 Nf4 18. Bxf4 Rxf4 19. Re2 Qd7 20. Rfe1 Qf5 21. Qd2 Rf8 22. Re7 Rf7 23. R7e6 Bxc3 24. bxc3 Rxf3 25. gxf3 Nxd5 26. Rxd6 Nf4 27. Rxh6 Kg7 28. Qd6 Nxh3+ 29. Kf1 Nf4 30. Rh1 Ng6 31. Re6 Qb1+ 32. Kg2 Nf4+ 33. Kh2 Qh7+ 34. Kg1 Qb1+ 35. Kh2 Qh7+ 36. Kg1 Qb1+ 1/2-1/2

[Event "CAN-op"]
[Site "Montreal CAN"]
[Date "2014.07.21"]
[Round "4"]
[White "Fedorowicz, John"]
[Black "Wang, Richard"]
[Result "1-0"]
[WhiteElo "2422"]
[BlackElo "2365"]
[PlyCount "83"]
[GameId "2160767909061299"]
[EventDate "2014.07.19"]
[EventType "swiss"]
[EventRounds "9"]
[EventCountry "CAN"]
[SourceTitle "CBM 161 Extra"]
[Source "ChessBase"]
[SourceDate "2014.08.29"]
[SourceVersion "1"]
[SourceVersionDate "2014.08.29"]
[SourceQuality "1"]

1. e4 e6 2. d4 d5 3. Nd2 Nf6 4. e5 Nfd7 5. c3 c5 6. Bd3 Nc6 7. Ne2 cxd4 8. cxd4 f6 9. exf6 Nxf6 10. O-O Bd6 11. Nf3 O-O 12. Bf4 Bxf4 13. Nxf4 Ne4 14. g3 Qf6 15. h4 Qh6 16. Bxe4 dxe4 17. Ne5 Rxf4 18. gxf4 Qxf4 19. Qh5 Bd7 20. Nxd7 Nxd4 21. Ne5 Rf8 22. Qg5 Qxe5 23. Qxe5 Nf3+ 24. Kg2 Nxe5 25. Rac1 Rf4 26. Rc8+ Kf7 27. Rfc1 Nd3 28. R1c7+ Kg6 29. Rg8 Rxf2+ 30. Kg1 e3 31. Rgxg7+ Kf5 32. Rcf7+ Ke4 33. Rxf2 exf2+ 34. Kf1 Ke3 35. Rxh7 e5 36. h5 e4 37. h6 Ne5 38. Rg7 Nf3 39. Rf7 Nh2+ 40. Kg2 f1=Q+ 41. Rxf1 Nxf1 42. h7 1-0

[Event "CAN-op"]
[Site "Montreal CAN"]
[Date "2014.07.22"]
[Round "5"]
[White "Taborsky, Rostislav"]
[Black "Wang, Richard"]
[Result "0-1"]
[WhiteElo "2193"]
[BlackElo "2365"]
[PlyCount "98"]
[GameId "2160767909069519"]
[EventDate "2014.07.19"]
[EventType "swiss"]
[EventRounds "9"]
[EventCountry "CAN"]
[SourceTitle "hb 2014"]

1. e4 e6 2. d3 d5 3. Nd2 Nf6 4. Ngf3 Nc6 5. c3 a5 6. a4 Bd6 7. Be2 O-O 8. O-O e5 9. Re1 Ne7 10. d4 Nxe4 11. dxe5 Nxd2 12. Bxd2 Bc5 13. Bg5 h6 14. Bh4 Be6 15. Nd4 Qd7 16. Bxe7 Qxe7 17. Bd3 Rae8 18. f4 f6 19. f5 Bxf5 20. Bxf5 fxe5 21. Bg6 Rd8 22. Qh5 Qf6 23. Qxe5 Qxg6 24. Qxc7 b6 25. Qg3 Qxg3 26. hxg3 Rfe8 27. Rad1 Bxd4+ 28. cxd4 Rc8 29. Rxe8+ Rxe8 30. Rc1 Re4 31. Rc6 Rxd4 32. Rxb6 Rxa4 33. Ra6 d4 34. Kf2 Ra2 35. Kf3 d3 36. Rd6 Rxb2 37. Rxd3 Rb8 38. Ke2 a4 39. Ra3 Ra8 40. Kd2 Kf7 41. Kc2 Kf6 42. Rc3 a3 43. Kb1 a2+ 44. Ka1 Kg5 45. Rc7 g6 46. Rc5+ Kg4 47. Rc6 g5 48. Rxh6 Kxg3 49. Rg6 Ra5 0-1

[Event "CAN-op"]
[Site "Montreal CAN"]
[Date "2014.07.23"]
[Round "6"]
[White "Wang, Richard"]
[Black "Xiong, Jeffery"]
[Result "0-1"]
[WhiteElo "2365"]
[BlackElo "2441"]
[PlyCount "68"]
[GameId "2160767909069545"]
[EventDate "2014.07.19"]
[EventType "swiss"]
[EventRounds "9"]
[EventCountry "CAN"]
[SourceTitle "hb 2014"]

1. d4 Nf6 2. c4 g6 3. Nc3 d5 4. Nf3 Bg7 5. e3 O-O 6. cxd5 Nxd5 7. Bc4 Nb6 8. Bb3 c5 9. O-O cxd4 10. exd4 Nc6 11. d5 Na5 12. Bg5 h6 13. Be3 Bg4 14. h3 Bxf3 15. Qxf3 Nbc4 16. Rac1 Rc8 17. Bxc4 Nxc4 18. b3 Nxe3 19. Qxe3 Qa5 20. Ne2 Qxd5 21. Rxc8 Rxc8 22. Qxe7 Rc2 23. Ng3 Rxa2 24. Ne4 Qxb3 25. Qd8+ Kh7 26. Nf6+ Bxf6 27. Qxf6 Rd2 28. Kh2 Qe6 29. Qf3 Qd5 30. Qe3 Qd3 31. Qe8 Qd6+ 32. g3 Kg7 33. Qe3 Qd4 34. Qf3 Qd3 0-1

[Event "CAN-op"]
[Site "Montreal CAN"]
[Date "2014.07.24"]
[Round "7"]
[White "Rodriguez, Adrien"]
[Black "Wang, Richard"]
[Result "1-0"]
[WhiteElo "2203"]
[BlackElo "2365"]
[PlyCount "85"]
[GameId "2160767909069560"]
[EventDate "2014.07.19"]
[EventType "swiss"]
[EventRounds "9"]
[EventCountry "CAN"]
[SourceTitle "hb 2014"]

1. d4 d5 2. Nf3 Nf6 3. c4 c6 4. e3 Bf5 5. Nc3 e6 6. Nh4 Bg6 7. Be2 Nbd7 8. O-O dxc4 9. Nxg6 hxg6 10. Bxc4 Bd6 11. h3 Qe7 12. a3 e5 13. d5 Nb6 14. dxc6 bxc6 15. Ba2 e4 16. f4 O-O 17. Qc2 Rfd8 18. g4 Re8 19. Bd2 Nfd5 20. g5 Rac8 21. Kg2 Bc5 22. Rae1 Rcd8 23. b4 Bd6 24. Nxd5 cxd5 25. Bc3 Bb8 26. Bd4 Rc8 27. Qb2 Rc6 28. Rc1 Rec8 29. Bxb6 axb6 30. Rxc6 Rxc6 31. Bxd5 Rd6 32. Qb3 Qd7 33. Bxe4 Rd2+ 34. Rf2 Rxf2+ 35. Kxf2 Qd2+ 36. Kf3 Kh7 37. Qd3 Qh2 38. Qf1 Qb2 39. Bd5 f6 40. gxf6 gxf6 41. Qb5 Qd2 42. Bb3 Bxf4 43. Qe8 1-0

[Event "CAN-op"]
[Site "Montreal CAN"]
[Date "2014.07.25"]
[Round "8"]
[White "Wang, Richard"]
[Black "Plotkin, Victor"]
[Result "1-0"]
[WhiteElo "2365"]
[BlackElo "2275"]
[PlyCount "87"]
[GameId "2160767909069586"]
[EventDate "2014.07.19"]
[EventType "swiss"]
[EventRounds "9"]
[EventCountry "CAN"]
[SourceTitle "hb 2014"]

1. d4 d5 2. Nf3 Nf6 3. e3 e6 4. Bd3 c5 5. b3 Nc6 6. O-O Bd6 7. Bb2 O-O 8. c4 cxd4 9. exd4 b6 10. a3 Bb7 11. Qe2 Rc8 12. Nbd2 Bb8 13. c5 bxc5 14. dxc5 Re8 15. b4 e5 16. Bf5 e4 17. Nd4 Qc7 18. g3 Rcd8 19. f4 exf3 20. Qxf3 Ne5 21. Qf4 Neg4 22. Qxc7 Bxc7 23. Rfe1 g6 24. Nb5 Bb8 25. Bd3 Ne4 26. Nf3 f5 27. Nbd4 Ne5 28. Bb5 Re7 29. Rad1 a6 30. Nxe5 Bxe5 31. Ba4 Rf8 32. Ba1 f4 33. Nc6 Bxc6 34. Bxc6 Bxa1 35. Bxd5+ Kg7 36. Rxa1 Rfe8 37. gxf4 Nc3 38. Rxe7+ Rxe7 39. Bf3 Kf6 40. Kf2 Kf5 41. Rc1 Nb5 42. a4 Nd4 43. c6 Rc7 44. Rc4 1-0

[Event "CAN-op"]
[Site "Montreal CAN"]
[Date "2014.07.26"]
[Round "9"]
[White "Foisor, Sabina"]
[Black "Wang, Richard"]
[Result "0-1"]
[WhiteElo "2234"]
[BlackElo "2365"]
[PlyCount "148"]
[GameId "2160767909069591"]
[EventDate "2014.07.19"]
[EventType "swiss"]
[EventRounds "9"]
[EventCountry "CAN"]
[SourceTitle "CBM 161 Extra"]
[Source "ChessBase"]
[SourceDate "2014.08.29"]
[SourceVersion "1"]
[SourceVersionDate "2014.08.29"]
[SourceQuality "1"]

1. d4 d5 2. c4 c6 3. e3 Nf6 4. Nf3 Bg4 5. h3 Bxf3 6. Qxf3 Nbd7 7. Nc3 e6 8. Bd3 Bb4 9. Bd2 O-O 10. O-O-O c5 11. Kb1 cxd4 12. exd4 dxc4 13. Bxc4 Nb6 14. Bb3 Bxc3 15. bxc3 a5 16. Ka1 Qc8 17. Qd3 Qc6 18. Bc2 Rfc8 19. Rb1 g6 20. Bd1 Nfd5 21. Be2 Ra7 22. Rb5 Qd6 23. Rhb1 Rc7 24. Rc5 Rxc5 25. dxc5 Qxc5 26. c4 Nb4 27. Qd8+ Kg7 28. Rc1 Ra8 29. Qh4 f6 30. Bc3 e5 31. Rd1 Re8 32. Qe4 Re7 33. f4 Na4 34. fxe5 fxe5 35. Be1 Qe3 36. Qxe3 Nc2+ 37. Kb1 Nxe3 38. Rd6 Nf5 39. Rd5 b6 40. Bd1 Nc5 41. Bf2 Ne4 42. Be1 Ne3 43. Rd8 Nxd1 44. Rxd1 Rc7 45. Rc1 Kf6 46. Kb2 Rd7 47. Kc2 Rd6 48. Rb1 Ke6 49. g4 Rc6 50. Kd3 Nd6 51. Rc1 b5 52. Bxa5 Ra6 53. Bb4 bxc4+ 54. Ke3 Rxa2 55. Bxd6 Kxd6 56. Rxc4 Ra3+ 57. Ke4 Rxh3 58. Ra4 Rg3 59. Ra6+ Kc5 60. Kxe5 Rxg4 61. Ra1 h5 62. Rc1+ Kb4 63. Rh1 Kc3 64. Rh3+ Kd2 65. Kf6 Ke2 66. Ra3 h4 67. Ke5 Kf2 68. Ra2+ Kg3 69. Ra3+ Kh2 70. Ra2+ Rg2 71. Ra1 g5 72. Kf5 g4 73. Kg5 h3 74. Kh4 g3 0-1

[Event "CYCC U16"]
[Site "Montreal CAN"]
[Date "2014.07.15"]
[Round "1"]
[White "Graif, William"]
[Black "Wang, Richard"]
[Result "0-1"]
[WhiteElo "2064"]
[BlackElo "2477"]
[PlyCount "98"]
[GameId "2160767909078217"]
[EventDate "2014.07.15"]
[EventType "swiss"]
[EventRounds "7"]
[EventCountry "CAN"]
[SourceTitle "hb 2014"]

1. e4 c5 2. Nf3 g6 3. d4 cxd4 4. Nxd4 Nc6 5. Nc3 Bg7 6. Be3 Nf6 7. Be2 O-O 8. Nb3 d6 9. f4 Be6 10. O-O Rc8 11. Bf3 a6 12. Nd5 Bxd5 13. exd5 Na5 14. Nxa5 Qxa5 15. Bd4 Nd7 16. Bxg7 Kxg7 17. Qd4+ Kg8 18. c3 Qc5 19. Rad1 b5 20. Rfe1 Rfe8 21. Qxc5 Rxc5 22. Rd3 Nb6 23. b3 Kf8 24. Kf2 Rec8 25. Rc1 b4 26. c4 Ra5 27. Rc2 Ra3 28. Re3 a5 29. Rb2 Rxc4 30. bxc4 Rxe3 31. Rb3 Rxb3 32. axb3 a4 33. bxa4 Nxa4 34. Ke3 Ke8 35. Kd2 Kd7 36. Kc2 Nc5 37. Bg4+ Kc7 38. f5 g5 39. Bh5 f6 40. Be2 Kb6 41. g4 Ka5 42. Kb2 Ka4 43. Bd1+ b3 44. Be2 Kb4 45. Bf1 Na4+ 46. Kb1 Ka3 47. Bd3 b2 48. Kc2 Nc5 49. Be2 Ka2 0-1

[Event "CYCC U16"]
[Site "Montreal CAN"]
[Date "2014.07.15"]
[Round "2"]
[White "Wang, Richard"]
[Black "Adriaanse, Adam"]
[Result "1-0"]
[WhiteElo "2477"]
[BlackElo "2147"]
[PlyCount "73"]
[GameId "2160767909086421"]
[EventDate "2014.07.15"]
[EventType "swiss"]
[EventRounds "7"]
[EventCountry "CAN"]
[SourceTitle "hb 2014"]

1. d4 Nf6 2. Nf3 e6 3. e3 b6 4. Bd3 Bb7 5. O-O c5 6. c4 d6 7. Nc3 Nbd7 8. b3 Be7 9. Bb2 O-O 10. d5 exd5 11. cxd5 a6 12. a4 Re8 13. e4 Qc7 14. Nd2 Ne5 15. Be2 Bf8 16. f4 Ng6 17. Bd3 Rad8 18. Nc4 Rb8 19. Qf3 Bc8 20. e5 dxe5 21. Bxg6 hxg6 22. fxe5 Ng4 23. Ne4 b5 24. axb5 axb5 25. d6 Qd7 26. Nxc5 Qf5 27. Qc6 Qh5 28. h3 Nxe5 29. Qxe8 Nxc4 30. Qxf7+ Kh7 31. bxc4 Qxc5+ 32. Kh1 bxc4 33. Qxf8 Rxb2 34. Rf7 Qd4 35. Rf4 Qxf4 36. Qxf4 Bb7 37. Rg1 1-0

[Event "CYCC U16"]
[Site "Montreal CAN"]
[Date "2014.07.16"]
[Round "3"]
[White "Plotkin, Mark"]
[Black "Wang, Richard"]
[Result "1-0"]
[WhiteElo "2254"]
[BlackElo "2472"]
[PlyCount "89"]
[GameId "2160767909086428"]
[EventDate "2014.07.15"]
[EventType "swiss"]
[EventRounds "7"]
[EventCountry "CAN"]
[SourceTitle "EXT 2022"]
[Source "ChessBase"]
[SourceDate "2021.10.06"]
[SourceVersion "1"]
[SourceVersionDate "2021.10.06"]
[SourceQuality "1"]

1. e4 e6 2. d4 d5 3. Nc3 Bb4 4. Qd3 dxe4 5. Qxe4 Nf6 6. Qh4 c5 7. dxc5 Nd5 8. Qxd8+ Kxd8 9. Nge2 Nd7 10. Bd2 Nxc3 11. Bxc3 Bxc3+ 12. Nxc3 Nxc5 13. O-O-O+ Ke7 14. Be2 b6 15. Bf3 Bb7 16. Bxb7 Nxb7 17. Rhe1 Rhd8 18. Nd5+ Kf8 19. Nb4 Rac8 20. Rxd8+ Nxd8 21. c3 Ke7 22. Nd5+ Kd6 23. Nf4 Rc4 24. Rd1+ Ke7 25. Nd3 Nc6 26. b3 Rh4 27. h3 e5 28. Kd2 f5 29. Ke3 g5 30. f3 Ke6 31. Nb4 Ne7 32. c4 b5 33. Rc1 g4 34. hxg4 fxg4 35. Nd3 Nf5+ 36. Kf2 gxf3 37. gxf3 Rh2+ 38. Kg1 Rxa2 39. Re1 Nd4 40. Rxe5+ Kf6 41. Re3 bxc4 42. bxc4 Ra3 43. f4 Rc3 44. Rh3 a5 45. Kf2 1-0

[Event "CYCC U16"]
[Site "Montreal CAN"]
[Date "2014.07.16"]
[Round "4"]
[White "Wang, Richard"]
[Black "Shi, Diwen"]
[Result "1-0"]
[WhiteElo "2472"]
[BlackElo "2182"]
[PlyCount "111"]
[GameId "2160767909086434"]
[EventDate "2014.07.15"]
[EventType "swiss"]
[EventRounds "7"]
[EventCountry "CAN"]
[SourceTitle "EXT 2022"]
[Source "ChessBase"]
[SourceDate "2021.10.06"]
[SourceVersion "1"]
[SourceVersionDate "2021.10.06"]
[SourceQuality "1"]

1. d4 Nf6 2. Nf3 e6 3. e3 Be7 4. Bd3 b6 5. O-O Bb7 6. b3 Ne4 7. Ne5 O-O 8. f3 Nf6 9. f4 d6 10. Nf3 Ne4 11. c4 Nd7 12. Bb2 Ndf6 13. Nbd2 d5 14. Qe2 a5 15. a3 Qb8 16. Ne5 Rd8 17. Nxe4 dxe4 18. Bc2 c5 19. a4 Nd7 20. Nxd7 Rxd7 21. d5 f5 22. dxe6 Rd6 23. Be5 Qc8 24. g4 Qxe6 25. gxf5 Qxf5 26. Bxd6 Bxd6 27. Rad1 Be7 28. Qg2 Re8 29. Kh1 Bc6 30. Rg1 Bf8 31. Qg4 Qf6 32. Qe2 Bd6 33. Qg4 Bf8 34. Rg2 Qc3 35. Qh3 Qf6 36. Rdg1 Rd8 37. Qg4 Re8 38. Qh3 Rd8 39. Bd1 Rd3 40. Bg4 Rd6 41. Bf5 Qh6 42. Qxh6 Rxh6 43. Rd2 Rf6 44. Bd7 Bb7 45. f5 Kf7 46. Be6+ Ke8 47. Rgd1 Be7 48. Rd7 Rxe6 49. fxe6 Bc8 50. Kg2 Bxd7 51. Rxd7 Bf6 52. Kf2 Bh4+ 53. Ke2 Bf6 54. Rb7 Bc3 55. Rxb6 Ke7 56. Rc6 1-0

[Event "CYCC U16"]
[Site "Montreal CAN"]
[Date "2014.07.17"]
[Round "5"]
[White "Doknjas, John"]
[Black "Wang, Richard"]
[Result "0-1"]
[WhiteElo "2171"]
[BlackElo "2472"]
[PlyCount "72"]
[GameId "2160767909086440"]
[EventDate "2014.07.15"]
[EventType "swiss"]
[EventRounds "7"]
[EventCountry "CAN"]
[SourceTitle "EXT 2022"]
[Source "ChessBase"]
[SourceDate "2021.10.06"]
[SourceVersion "1"]
[SourceVersionDate "2021.10.06"]
[SourceQuality "1"]

1. d4 d5 2. c4 c6 3. cxd5 cxd5 4. Bf4 Nf6 5. Nc3 Qb6 6. Qd2 Nc6 7. e3 Bf5 8. Bd3 Bg6 9. Nge2 e6 10. O-O Be7 11. Na4 Qd8 12. Rfc1 Nd7 13. Bg3 O-O 14. Bxg6 hxg6 15. Nf4 Nb6 16. Nxb6 Qxb6 17. Nd3 Rac8 18. Rc2 Nb4 19. Nxb4 Bxb4 20. Qe2 Rc6 21. Rac1 Rfc8 22. f3 a5 23. Kf1 a4 24. Be1 Bd6 25. Bg3 Be7 26. Qd3 Kh7 27. Kg1 Rc4 28. Rxc4 dxc4 29. Qc2 Rc6 30. Qxa4 Qxb2 31. Qc2 c3 32. e4 Ba3 33. d5 exd5 34. exd5 Qxc1+ 35. Qxc1 Bxc1 36. dxc6 bxc6 0-1

[Event "CYCC U16"]
[Site "Montreal CAN"]
[Date "2014.07.18"]
[Round "7"]
[White "Ye, Hanyuan"]
[Black "Wang, Richard"]
[Result "0-1"]
[WhiteElo "1852"]
[BlackElo "2477"]
[PlyCount "48"]
[GameId "2160767909086464"]
[EventDate "2014.07.15"]
[EventType "swiss"]
[EventRounds "7"]
[EventCountry "CAN"]
[SourceTitle "EXT 2022"]
[Source "ChessBase"]
[SourceDate "2021.10.06"]
[SourceVersion "1"]
[SourceVersionDate "2021.10.06"]
[SourceQuality "1"]

1. e4 c5 2. Nf3 g6 3. d4 cxd4 4. Qxd4 Nf6 5. Nc3 Nc6 6. Qa4 d6 7. Bg5 Bg7 8. Nd5 O-O 9. Bxf6 exf6 10. Bd3 f5 11. c3 Bd7 12. Qc2 fxe4 13. Bxe4 f5 14. Bd3 Re8+ 15. Be2 Qa5 16. Ne3 f4 17. Nc4 Qc5 18. O-O-O d5 19. b4 Qxf2 20. Rd2 Qxg2 21. Rg1 Qh3 22. Nd6 Rxe2 23. Rxe2 Qxf3 24. Nxb7 Bf5 0-1

[Event "Edmonton int."]
[Site "Edmonton CAN"]
[Date "2014.06.21"]
[Round "1.2"]
[White "Wang, Richard"]
[Black "So, Wesley"]
[Result "0-1"]
[WhiteElo "2365"]
[BlackElo "2744"]
[PlyCount "72"]
[GameId "2160767909094865"]
[EventDate "2014.06.21"]
[EventType "tourn"]
[EventRounds "9"]
[EventCountry "CAN"]
[EventCategory "10"]

1. d4 Nf6 2. Nf3 g6 3. Nc3 d5 4. Bf4 Bg7 5. e3 O-O 6. Be2 c5 7. Ne5 Nc6 8. O-O cxd4 9. exd4 Bf5 10. Re1 Rc8 11. Nxc6 Rxc6 12. Be5 Ne4 13. Nxe4 Bxe5 14. dxe5 dxe4 15. c3 Rc5 16. Qxd8 Rxd8 17. Rad1 Rxd1 18. Bxd1 Rxe5 19. f4 Rb5 20. Bb3 a5 21. Re2 Rb6 22. Kf2 Be6 23. Bxe6 Rxe6 24. Ke3 f5 25. Kd4 Kf7 26. Kc5 Kf6 27. Kb5 Ra6 28. a4 e5 29. fxe5+ Kxe5 30. b4 axb4 31. cxb4 f4 32. a5 e3 33. Kc4 Ke4 34. Ra2 Rc6+ 35. Kb3 Kd3 36. b5 Rc8 0-1

[Event "Edmonton int."]
[Site "Edmonton CAN"]
[Date "2014.06.22"]
[Round "2.5"]
[White "Pechenkin, Vladimir"]
[Black "Wang, Richard"]
[Result "1/2-1/2"]
[WhiteElo "2311"]
[BlackElo "2365"]
[PlyCount "88"]
[GameId "2160767909094871"]
[EventDate "2014.06.21"]
[EventType "tourn"]
[EventRounds "9"]
[EventCountry "CAN"]
[EventCategory "10"]

1. c4 c5 2. g3 Nc6 3. Bg2 g6 4. Nc3 Bg7 5. Nf3 d6 6. O-O Qd7 7. e3 e5 8. d4 Nge7 9. dxc5 dxc5 10. Ne4 Qxd1 11. Rxd1 b6 12. Nd6+ Kf8 13. Ng5 f6 14. Nxc8 Rxc8 15. Ne6+ Kf7 16. Nxg7 Kxg7 17. Rd7 Kf7 18. Bxc6 Rxc6 19. Rxa7 Rd8 20. b3 Rd1+ 21. Kg2 Rcd6 22. Bb2 R1d2 23. Bc3 Rc2 24. Be1 Ke6 25. Rb1 h5 26. Ra6 e4 27. a4 Nf5 28. Kg1 Nh6 29. a5 bxa5 30. Rxa5 Rc6 31. Ra8 Ng4 32. Re8+ Kf5 33. h3 Ne5 34. Rd1 Ra6 35. Kg2 Raa2 36. Rd5 Ra1 37. Bd2 g5 38. Red8 Kg6 39. Rg8+ Kf7 40. Rdd8 Nf3 41. Rdf8+ Ke6 42. Re8+ Kd7 43. Rd8+ Ke6 44. Rde8+ Kd7 1/2-1/2